[Event "Zadar B Open 2016"]
[Site "Zadar"]
[Date "2016.12.12"]
[Round "2.9"]
[White "Salvaing, Jean-Louis"]
[Black "Slamar, Velimir"]
[Result "1/2-1/2"]
[WhiteElo "1991"]
[BlackElo "2150"]
[PlyCount "83"]
[EventDate "2016.12.11"]
[EventCountry "CRO"]

1. d4 d5 2. Nc3 c6 3. e4 dxe4 4. Nxe4 Nf6 5. Nxf6+ gxf6 6. Nf3 Na6 7. Bxa6 Qa5+
8. Bd2 Qxa6 9. Qe2 Qxe2+ 10. Kxe2 Rg8 11. g3 Bf5 12. c3 O-O-O 13. Bf4 Bg7 14.
Nh4 Bg4+ 15. f3 Bd7 16. Kf2 e5 17. Be3 Be6 18. Rhd1 Kc7 19. b3 Rd7 20. Rd2 Rgd8
21. Rad1 b6 22. Ng2 a5 23. dxe5 Rxd2+ 24. Rxd2 Rxd2+ 25. Bxd2 fxe5 26. g4 f5
27. h3 f4 28. Ke2 a4 29. c4 c5 30. Ne1 axb3 31. axb3 h5 32. Nd3 hxg4 33. hxg4
Kd6 34. Nf2 Bd7 35. Ne4+ Ke6 36. Kd3 Bc6 37. Bc3 Bb7 38. Be1 Bf6 39. Bf2 Be7
40. Be1 Bc6 41. Bf2 Bb7 42. Be1 1/2-1/2

[Event "Zadar B Open 2016"]
[Site "Zadar"]
[Date "2016.12.12"]
[Round "2.10"]
[White "Yordanov, Nikolay"]
[Black "Ikica, Ante"]
[Result "1-0"]
[WhiteElo "2146"]
[BlackElo "1984"]
[PlyCount "51"]
[EventDate "2016.12.11"]
[EventCountry "CRO"]

1. e4 d6 2. Nc3 Nf6 3. f4 c6 4. a4 Nbd7 5. Nf3 e5 6. d4 Qc7 7. Be2 Be7 8. O-O
O-O 9. Kh1 b6 10. Qe1 c5 11. dxe5 dxe5 12. f5 Bb7 13. Bc4 Rad8 14. Bg5 a6 15.
g4 Nb8 16. Bxf6 gxf6 17. Qh4 Rd4 18. Bd5 Rxd5 19. exd5 e4 20. g5 Qd8 21. Rg1
Kh8 22. g6 fxg6 23. fxg6 Rf7 24. gxf7 f5 25. Qxe7 Qxe7 26. Rg8# 1-0

[Event "Zadar B Open 2016"]
[Site "Zadar"]
[Date "2016.12.12"]
[Round "2.11"]
[White "Buhin, Denis"]
[Black "Soric, Romeo"]
[Result "1/2-1/2"]
[WhiteElo "1967"]
[BlackElo "2115"]
[PlyCount "30"]
[EventDate "2016.12.11"]
[EventCountry "CRO"]

1. Nf3 Nf6 2. c4 b6 3. d4 e6 4. Nc3 Bb4 5. g3 Ba6 6. Qb3 c5 7. a3 Bxc3+ 8. Qxc3
cxd4 9. Nxd4 Bb7 10. Nf3 O-O 11. Bg2 Nc6 12. O-O d5 13. Bf4 Na5 14. cxd5 Nxd5
15. Qe5 Nxf4 1/2-1/2

[Event "Zadar B Open 2016"]
[Site "Zadar"]
[Date "2016.12.12"]
[Round "2.12"]
[White "Tomas, Ante"]
[Black "Totic, Zeljko"]
[Result "1-0"]
[WhiteElo "2107"]
[BlackElo "1962"]
[PlyCount "103"]
[EventDate "2016.12.11"]
[EventCountry "CRO"]

1. Nf3 Nf6 2. d4 d5 3. c4 e6 4. g3 Be7 5. Bg2 c6 6. Qc2 Nbd7 7. O-O O-O 8. Nbd2
b6 9. e4 dxc4 10. Nxc4 Ba6 11. Rd1 Bxc4 12. Qxc4 Nxe4 13. Qxc6 Nef6 14. Ne5 Rc8
15. Qa4 a5 16. Nc6 Qe8 17. Bf4 Nh5 18. Na7 Nb8 19. Qxe8 Rcxe8 20. Bc7 Nd7 21.
Nc6 Bg5 22. Bd6 g6 23. f4 Bh6 24. Rac1 Nhf6 25. Ne5 Nxe5 26. dxe5 Ng4 27. Re1
Bg7 28. h3 Nh6 29. g4 f5 30. Bxf8 Bxf8 31. g5 Nf7 32. Bc6 Rd8 33. Red1 Bc5+ 34.
Kg2 Be3 35. Rxd8+ Nxd8 36. Rc3 Bxf4 37. Bd7 Kf7 38. Rb3 Bxg5 39. Rxb6 Ke7 40.
Ba4 Bf4 41. Rb5 Nf7 42. Rxa5 Bxe5 43. Ra7+ Kf6 44. b4 Bd4 45. Ra6 f4 46. Bc6
Kf5 47. h4 Ne5 48. b5 Kg4 49. b6 Nxc6 50. b7 Nb8 51. Ra8 Be5 52. a4 1-0

[Event "Zadar B Open 2016"]
[Site "Zadar"]
[Date "2016.12.12"]
[Round "2.13"]
[White "Brzic, Roko"]
[Black "Babic, Andrija"]
[Result "0-1"]
[WhiteElo "1955"]
[BlackElo "2096"]
[PlyCount "102"]
[EventDate "2016.12.11"]
[EventCountry "CRO"]

1. b3 e5 2. Bb2 Nc6 3. e3 d5 4. Bb5 Bd6 5. Nf3 Qe7 6. d4 e4 7. Ne5 Bxe5 8. dxe5
Be6 9. Nc3 a6 10. Bxc6+ bxc6 11. Qd4 c5 12. Qa4+ Qd7 13. Qxd7+ Kxd7 14. O-O-O
Kc6 15. Na4 Rb8 16. Ba3 Rb5 17. Rd2 Ne7 18. Rhd1 Ng6 19. Bb2 Ne7 20. h3 Rhb8
21. Nc3 R5b7 22. Na4 Rb5 23. Nc3 R5b7 24. Ne2 Rb5 25. Nf4 R5b7 26. g4 a5 27. a4
Kb6 28. Ba3 c6 29. g5 Ng6 30. Nxg6 fxg6 31. h4 Rf7 32. Rh1 Rbf8 33. Rh2 Rf5 34.
Bb2 R8f7 35. Kd1 Rf3 36. Ke1 Rb7 37. Ba3 Rf5 38. Bb2 c4 39. bxc4 Kc5 40. cxd5
cxd5 41. Ba3+ Kc4 42. Rd1 Rxe5 43. Kd2 Bd7 44. Bf8 Bg4 45. Ra1 Rf5 46. Bd6 Rff7
47. Ra3 d4 48. exd4 Kxd4 49. Rc3 Rb1 50. Bc5+ Kd5 51. Be3 Rd1# 0-1

[Event "Zadar B Open 2016"]
[Site "Zadar"]
[Date "2016.12.12"]
[Round "2.14"]
[White "Klasan, Elvis"]
[Black "Mandaric, Ante"]
[Result "1/2-1/2"]
[WhiteElo "1949"]
[BlackElo "2087"]
[PlyCount "65"]
[EventDate "2016.12.11"]
[EventCountry "CRO"]

1. e4 c5 2. Nf3 Nc6 3. d4 cxd4 4. Nxd4 e5 5. Nxc6 bxc6 6. Bc4 Nf6 7. Qe2 Be7 8.
O-O O-O 9. Nc3 Qc7 10. Bg5 d6 11. Rad1 Kh8 12. Kh1 Bg4 13. f3 Bh5 14. Qd2 Rad8
15. Bxf6 Bxf6 16. g4 Bg6 17. Qf2 Qb6 18. Bb3 Be7 19. Ne2 Qxf2 20. Rxf2 d5 21.
exd5 cxd5 22. Bxd5 Bxc2 23. Rd2 e4 24. Rxc2 e3 25. Rf1 Rxd5 26. Nc3 Rd2 27.
Rxd2 exd2 28. Rd1 Bg5 29. Kg2 Rb8 30. h4 Bxh4 31. Rxd2 Be1 32. Rc2 g6 33. Ne4
1/2-1/2

[Event "Zadar B Open 2016"]
[Site "Zadar"]
[Date "2016.12.12"]
[Round "2.15"]
[White "Luetic, Ante"]
[Black "Sindik, Dario"]
[Result "1-0"]
[WhiteElo "2085"]
[BlackElo "1915"]
[PlyCount "51"]
[EventDate "2016.12.11"]
[EventCountry "CRO"]

1. c4 c5 2. Nf3 g6 3. Nc3 Nc6 4. e3 Bg7 5. d4 cxd4 6. exd4 d6 7. Be2 Nf6 8. O-O
O-O 9. h3 d5 10. cxd5 Nxd5 11. Qb3 Nxc3 12. bxc3 Na5 13. Qa3 Be6 14. Bg5 f6 15.
Bf4 Bf7 16. Rfe1 a6 17. Rad1 Bd5 18. c4 Nxc4 19. Bxc4 Bxc4 20. Rxe7 Rf7 21.
Rxf7 Kxf7 22. d5 Bf8 23. d6 b5 24. Nd2 Be6 25. Ne4 a5 26. Qb2 1-0

[Event "Zadar B Open 2016"]
[Site "Zadar"]
[Date "2016.12.12"]
[Round "2.16"]
[White "Dunatov, Kresimir"]
[Black "Valette, Christian"]
[Result "1-0"]
[WhiteElo "1919"]
[BlackElo "2084"]
[PlyCount "65"]
[EventDate "2016.12.11"]
[EventCountry "CRO"]

1. d4 Nf6 2. c4 e6 3. Nc3 Bb4 4. Nf3 b6 5. g3 Bb7 6. Bg2 O-O 7. O-O Bxc3 8.
bxc3 Be4 9. Bg5 h6 10. Bf4 Nc6 11. Bh3 Na5 12. Nd2 Bb7 13. Qa4 d5 14. c5 Qe7
15. f3 Bc6 16. Qb4 Rfe8 17. Rfe1 Nb7 18. cxb6 axb6 19. Qb2 Nd6 20. Bg2 Ra4 21.
e4 Nc4 22. Nxc4 Rxc4 23. Bf1 Ra4 24. exd5 Nxd5 25. Bd2 Qf6 26. f4 Qg6 27. Bg2
Rea8 28. Re5 Ne7 29. f5 Qf6 30. fxe6 Bxg2 31. Kxg2 Rxa2 32. Rxa2 Rxa2 33. Qxa2
1-0

[Event "Zadar B Open 2016"]
[Site "Zadar"]
[Date "2016.12.12"]
[Round "2.17"]
[White "Brkic, Ivica"]
[Black "Stojkovic, Andreja"]
[Result "1-0"]
[WhiteElo "2083"]
[BlackElo "1910"]
[PlyCount "53"]
[EventDate "2016.12.11"]
[EventCountry "CRO"]

1. e4 c5 2. Nf3 Nf6 3. Nc3 Nc6 4. d4 d5 5. exd5 Nxd5 6. Nxd5 Qxd5 7. dxc5 Qxd1+
8. Kxd1 Bg4 9. c3 e5 10. b4 e4 11. h3 Bh5 12. g4 exf3 13. gxh5 Be7 14. Kc2 Bf6
15. Rb1 O-O 16. h6 g6 17. Be3 Rad8 18. Bb5 Be5 19. Rhd1 Rfe8 20. a4 a6 21. Bc4
Bf6 22. Bd5 Rd7 23. Bxf3 Red8 24. Rxd7 Rxd7 25. b5 axb5 26. axb5 Ne5 27. Be2
1-0

[Event "Zadar B Open 2016"]
[Site "Zadar"]
[Date "2016.12.12"]
[Round "2.18"]
[White "Dzaja, Martin Zorislav"]
[Black "Cvitan, Ena"]
[Result "0-1"]
[WhiteElo "1914"]
[BlackElo "2079"]
[PlyCount "52"]
[EventDate "2016.12.11"]
[EventCountry "CRO"]

1. e4 c6 2. d4 d5 3. Nc3 dxe4 4. Nxe4 Bf5 5. Ng3 Bg6 6. h4 h6 7. Nf3 Nd7 8. h5
Bh7 9. Bd3 Bxd3 10. Qxd3 e6 11. Bf4 Ngf6 12. O-O-O Be7 13. Qe2 O-O 14. Kb1 a5
15. Ne5 a4 16. Rhe1 Nd5 17. Bd2 Nxe5 18. dxe5 Qb6 19. Qf3 a3 20. b3 Qa7 21. c4
Qd4 22. Bc1 Nc3+ 23. Kc2 Nxd1 24. Rxd1 Qxe5 25. Qg4 Rfd8 26. f4 Qa1 0-1

[Event "Zadar B Open 2016"]
[Site "Zadar"]
[Date "2016.12.12"]
[Round "2.19"]
[White "Komljenovic, Tihomir"]
[Black "Bilus-Gagic, Ante"]
[Result "1-0"]
[WhiteElo "2073"]
[BlackElo "1904"]
[PlyCount "95"]
[EventDate "2016.12.11"]
[EventCountry "CRO"]

1. e4 c6 2. Nc3 e6 3. d4 Ne7 4. Nf3 b6 5. Bd3 Qc7 6. O-O Ng6 7. e5 Ba6 8. h4
Be7 9. h5 Nh4 10. Nxh4 Bxh4 11. Qg4 Bxd3 12. cxd3 Be7 13. Qxg7 Rf8 14. Qxh7 Na6
15. Bh6 O-O-O 16. Bxf8 Rxf8 17. Rac1 Kb7 18. Ne4 Qd8 19. Ng3 f5 20. exf6 Bxf6
21. Qe4 Nc7 22. b4 a6 23. a4 Qe7 24. b5 axb5 25. axb5 Nxb5 26. Ne2 Qd6 27. Rc4
Qe7 28. Ra4 Nd6 29. Qe3 Nf5 30. Qd2 Qg7 31. Qa2 Kc7 32. Ra7+ Kd8 33. Ra8+ Ke7
34. Qa3+ Kf7 35. Rxf8+ Qxf8 36. Qa7 Qd8 37. Rc1 Ke8 38. Rc4 b5 39. Rc2 Be7 40.
Ra2 Bd6 41. Qb7 Qh4 42. Ra8+ Ke7 43. Qc8 Qh2+ 44. Kf1 Qh1+ 45. Ng1 Kf6 46. Qh8+
Kg5 47. Rg8+ Kh4 48. Qf6+ 1-0

[Event "Zadar B Open 2016"]
[Site "Zadar"]
[Date "2016.12.12"]
[Round "2.20"]
[White "Golubicic, Luka"]
[Black "Egerc, Josip"]
[Result "1/2-1/2"]
[WhiteElo "1910"]
[BlackElo "2062"]
[PlyCount "89"]
[EventDate "2016.12.11"]
[EventCountry "CRO"]

1. d4 Nf6 2. Nc3 d5 3. Bg5 Nbd7 4. f3 h6 5. Bh4 e6 6. e4 Be7 7. e5 Ng8 8. Bxe7
Nxe7 9. Bd3 a6 10. Nce2 c5 11. c3 Nc6 12. Qd2 cxd4 13. cxd4 Nxd4 14. Nxd4 Nxe5
15. f4 Nc6 16. Ngf3 Bd7 17. a3 Qb6 18. Qf2 Qa5+ 19. Qd2 Qb6 20. Be2 O-O 21. O-O
f6 22. Kh1 Rad8 23. Rad1 Rfe8 24. b4 Ne7 25. Rc1 Qd6 26. Nb3 e5 27. fxe5 fxe5
28. Nc5 Bc8 29. b5 Ng6 30. bxa6 bxa6 31. Qa5 Bg4 32. Qxa6 Bxf3 33. Bxf3 e4 34.
Qxd6 Rxd6 35. Bh5 Kh7 36. Rcd1 Re5 37. Bxg6+ Kxg6 38. Rfe1 Kf5 39. Kg1 d4 40.
Nb3 Red5 41. Nd2 Re6 42. Rf1+ Kg5 43. Rde1 e3 44. Nf3+ Kh5 45. Rd1 1/2-1/2

[Event "Zadar B Open 2016"]
[Site "Zadar"]
[Date "2016.12.12"]
[Round "3.1"]
[White "Medancic, Rikard"]
[Black "Tomas, Ante"]
[Result "1-0"]
[WhiteElo "2267"]
[BlackElo "2107"]
[PlyCount "93"]
[EventDate "2016.12.11"]
[EventCountry "CRO"]

1. b3 e5 2. Bb2 Nc6 3. g3 d5 4. Bg2 Nf6 5. d3 Bg4 6. Nd2 Qd7 7. h3 Bf5 8. Ngf3
Bd6 9. g4 Be6 10. Ng5 h6 11. Nxe6 fxe6 12. e3 O-O-O 13. a3 Ne7 14. Qe2 Kb8 15.
O-O-O g5 16. Kb1 Ng6 17. Rhf1 Rhf8 18. Ka2 c5 19. c4 d4 20. Ne4 Ng8 21. Bh1
Rde8 22. Rb1 Kc7 23. Qd2 b6 24. b4 Kd8 25. bxc5 Bxc5 26. Nxc5 bxc5 27. Bxd4
exd4 28. Rb8+ Ke7 29. Rb7 Nf6 30. Qa5 Rc8 31. Rfb1 dxe3 32. fxe3 Ne5 33. Rxd7+
Nfxd7 34. Qc3 Rf2+ 35. Rb2 Rxb2+ 36. Kxb2 Rb8+ 37. Ka2 Rc8 38. Be4 Kd6 39. Qa5
Rc7 40. Qd2 Nf6 41. Qh2 Nfd7 42. d4 cxd4 43. exd4 Rxc4 44. dxe5+ Nxe5 45. Bb7
Rf4 46. Qd2+ Ke7 47. Qe3 1-0

[Event "Zadar B Open 2016"]
[Site "Zadar"]
[Date "2016.12.12"]
[Round "3.2"]
[White "Babic, Andrija"]
[Black "Sulc, Damir"]
[Result "1/2-1/2"]
[WhiteElo "2096"]
[BlackElo "2208"]
[PlyCount "70"]
[EventDate "2016.12.11"]
[EventCountry "CRO"]

1. e4 c5 2. c3 d5 3. exd5 Qxd5 4. Bb5+ Bd7 5. Bxd7+ Nxd7 6. Qf3 Ngf6 7. Qxd5
Nxd5 8. Ne2 e5 9. O-O g6 10. d4 cxd4 11. cxd4 Bg7 12. dxe5 Nxe5 13. Nbc3 Nb4
14. Rb1 O-O 15. Be3 Rfd8 16. Rfd1 a6 17. b3 Rac8 18. Bb6 Rd3 19. a3 Nc2 20. Nd5
Bf8 21. f4 Rxd1+ 22. Rxd1 Nd7 23. Ne7+ Bxe7 24. Rxd7 Bxa3 25. Rxb7 Rc6 26. Kf1
Rd6 27. g3 Rd3 28. Ra7 Rxb3 29. Bf2 Rf3 30. Ra8+ Kg7 31. Kg2 Rd3 32. Rxa6 Rd2
33. Kf3 Rd3+ 34. Kg2 Rd2 35. Kf3 Rd3+ 1/2-1/2

[Event "Zadar B Open 2016"]
[Site "Zadar"]
[Date "2016.12.12"]
[Round "3.3"]
[White "Mihalinec, Damir"]
[Black "Luetic, Ante"]
[Result "1/2-1/2"]
[WhiteElo "2202"]
[BlackElo "2085"]
[PlyCount "103"]
[EventDate "2016.12.11"]
[EventCountry "CRO"]

1. c4 e5 2. Nc3 Nf6 3. Nf3 Nc6 4. g3 Nd4 5. Bg2 Nxf3+ 6. Bxf3 Bb4 7. O-O O-O 8.
Qb3 Bc5 9. Qc2 c6 10. Rb1 a5 11. a3 Re8 12. b4 axb4 13. axb4 Bf8 14. c5 d5 15.
cxd6 Qxd6 16. b5 Bd7 17. d3 Rac8 18. Qb3 Be6 19. Qb2 Bd5 20. Nxd5 cxd5 21. d4
e4 22. Bg2 Qb6 23. Bg5 Rc4 24. Bxf6 Qxf6 25. e3 Qe6 26. Rfc1 Rec8 27. Bf1 Rxc1
28. Rxc1 h5 29. h4 g5 30. Rxc8 Qxc8 31. Qe2 gxh4 32. Qxh5 hxg3 33. Qxd5 gxf2+
34. Kxf2 Qg4 35. Be2 Qh4+ 36. Kg2 Bh6 37. Bh5 Bxe3 38. Qxf7+ Kh8 39. Qf8+ Kh7
40. Qf5+ Kh8 41. d5 Qg5+ 42. Bg4 Bf4 43. Qf8+ Kh7 44. Qc8 Qxd5 45. Qf5+ Qxf5
46. Bxf5+ Kg7 47. Bxe4 b6 48. Kf3 Bd6 49. Bc6 Bc5 50. Ke4 Kf6 51. Kd5 Ke7 52.
Bb7 1/2-1/2

[Event "Zadar B Open 2016"]
[Site "Zadar"]
[Date "2016.12.12"]
[Round "3.4"]
[White "Popovic, Ivo"]
[Black "Brkic, Ivica"]
[Result "1/2-1/2"]
[WhiteElo "2179"]
[BlackElo "2083"]
[PlyCount "77"]
[EventDate "2016.12.11"]
[EventCountry "CRO"]

1. e4 e6 2. d4 d5 3. Nc3 Nf6 4. Bg5 Be7 5. Bxf6 Bxf6 6. Nf3 a6 7. Bd3 c5 8. e5
Be7 9. dxc5 Bxc5 10. O-O Nc6 11. a3 b5 12. Qd2 h6 13. Ne2 Qc7 14. b4 Bb6 15.
Qf4 Ne7 16. Qg4 g6 17. Qf4 Bd7 18. Qf6 Rg8 19. h4 Qd8 20. Qf4 h5 21. Ng5 Nf5
22. Nh7 Rh8 23. Nf6+ Kf8 24. Bxf5 gxf5 25. Ng3 Bc7 26. Ngxh5 Bc6 27. c3 Qb8 28.
Rfe1 Ke7 29. Qg5 Kf8 30. f4 Qb6+ 31. Kh2 Qf2 32. Rf1 Qd2 33. Rad1 Qe2 34. Rde1
Qd2 35. Qg7+ Ke7 36. Qg5 Kf8 37. Qg7+ Ke7 38. Qg5 Kf8 39. Qg7+ 1/2-1/2

[Event "Zadar B Open 2016"]
[Site "Zadar"]
[Date "2016.12.12"]
[Round "3.5"]
[White "Cvitan, Ena"]
[Black "Stipic, Marko"]
[Result "0-1"]
[WhiteElo "2079"]
[BlackElo "2152"]
[PlyCount "50"]
[EventDate "2016.12.11"]
[EventCountry "CRO"]

1. d4 d6 2. Nf3 Nf6 3. c4 Nbd7 4. Nc3 e5 5. d5 g6 6. e4 Bg7 7. Bg5 h6 8. Bd2
O-O 9. Be2 Nc5 10. Qc2 a5 11. Be3 b6 12. O-O Bd7 13. b3 Ng4 14. Bxc5 bxc5 15.
Rab1 f5 16. a3 Rb8 17. Qd2 h5 18. h3 Bh6 19. Qc2 Nf6 20. Bd3 f4 21. Qd1 g5 22.
Nh2 g4 23. hxg4 hxg4 24. Be2 g3 25. fxg3 fxg3 0-1

[Event "Zadar B Open 2016"]
[Site "Zadar"]
[Date "2016.12.12"]
[Round "3.6"]
[White "Komljenovic, Tihomir"]
[Black "Yordanov, Nikolay"]
[Result "1/2-1/2"]
[WhiteElo "2073"]
[BlackElo "2146"]
[PlyCount "55"]
[EventDate "2016.12.11"]
[EventCountry "CRO"]

1. e4 d5 2. exd5 Nf6 3. d4 Bg4 4. Nf3 Qxd5 5. Be2 Nc6 6. c4 Qf5 7. O-O O-O-O 8.
Be3 e5 9. d5 e4 10. Nd4 Nxd4 11. Bxd4 Bd6 12. Bxf6 Bxe2 13. Qxe2 gxf6 14. Nc3
Rde8 15. Nb5 Be5 16. Nxa7+ Kb8 17. Nb5 Rhg8 18. g3 Qh3 19. Qe3 Rg4 20. d6 Rh4
21. dxc7+ Kc8 22. Rfd1 Qxh2+ 23. Kf1 Qh1+ 24. Ke2 Qf3+ 25. Qxf3 exf3+ 26. Kxf3
Rxc4 27. Nd6+ Bxd6 28. Rxd6 1/2-1/2

[Event "Zadar B Open 2016"]
[Site "Zadar"]
[Date "2016.12.12"]
[Round "3.7"]
[White "Bozanic, Ivica"]
[Black "Dunatov, Kresimir"]
[Result "1-0"]
[WhiteElo "2216"]
[BlackElo "1919"]
[PlyCount "93"]
[EventDate "2016.12.11"]
[EventCountry "CRO"]

1. d4 Nf6 2. Nc3 d6 3. e4 c6 4. f4 Qa5 5. Bd3 e5 6. Nf3 Bg4 7. dxe5 dxe5 8. f5
Nbd7 9. Bd2 Qc7 10. h3 Bxf3 11. Qxf3 h5 12. O-O-O O-O-O 13. Bc4 Nc5 14. Be3
Rxd1+ 15. Rxd1 b5 16. Bd3 b4 17. Nb1 Qa5 18. Bc4 Qc7 19. Nd2 Bd6 20. g4 hxg4
21. hxg4 Rf8 22. g5 Nfd7 23. Qf2 Qa5 24. Kb1 Be7 25. Rh1 Qd8 26. Rh7 Rh8 27.
Rxh8 Qxh8 28. Qg2 Qh5 29. Kc1 Qh4 30. Kd1 f6 31. g6 Kc7 32. b3 a5 33. Bf2 Qh5+
34. Be2 Qh6 35. Nc4 a4 36. Be1 axb3 37. axb3 Qf4 38. Bf3 Nb6 39. Nxb6 Kxb6 40.
Bd2 Qh4 41. Bxb4 Nd3 42. Bd2 Nf4 43. Be3+ Kb7 44. Qd2 Qh3 45. Qd7+ Ka6 46. Qa7+
Kb5 47. Qa4# 1-0

[Event "Zadar B Open 2016"]
[Site "Zadar"]
[Date "2016.12.12"]
[Round "3.8"]
[White "Gujic, Vladimir"]
[Black "Muratovic, Enver"]
[Result "0-1"]
[WhiteElo "2059"]
[BlackElo "2224"]
[PlyCount "164"]
[EventDate "2016.12.11"]
[EventCountry "CRO"]

1. Nf3 d5 2. d4 Nc6 3. e3 Bg4 4. h3 Bxf3 5. Qxf3 e5 6. Qd1 a6 7. Be2 Nf6 8. O-O
Bd6 9. b3 O-O 10. Bb2 exd4 11. exd4 Ne7 12. Ba3 Bxa3 13. Nxa3 Qd6 14. Nb1 Ng6
15. Nd2 Nf4 16. Bd3 Nxd3 17. cxd3 Rfe8 18. Nf3 Re7 19. Qd2 Rae8 20. Rfe1 Rxe1+
21. Rxe1 Rxe1+ 22. Qxe1 Kf8 23. Qe5 Ne8 24. Qxd6+ Nxd6 25. Kf1 Ke7 26. Ke1 f6
27. Kd2 Ke6 28. Ng1 h5 29. Ne2 g5 30. g3 Nf5 31. f4 g4 32. h4 Kd6 33. Kc3 b6
34. b4 c6 35. a3 Ke6 36. Kb3 Ne3 37. Kc3 Kd6 38. Kd2 Nf5 39. Kc3 Kc7 40. Kb3
Kb7 41. Kb2 a5 42. bxa5 bxa5 43. a4 Kb6 44. Kc3 Kc7 45. Kd2 Kd7 46. Kc2 Ke6 47.
Kd2 Kd6 48. Kc3 Ng7 49. Kd2 Nf5 50. Kc3 c5 51. dxc5+ Kxc5 52. d4+ Kd6 53. Kd3
Ke6 54. Kc2 Ne3+ 55. Kd3 Nf1 56. Kc2 Ne3+ 57. Kd3 Nc4 58. Nc3 Nd6 59. Ne2 Ne4
60. Ke3 Nd6 61. Kd3 Ne4 62. Ke3 Kf5 63. Kd3 Ke6 64. Ke3 Nd6 65. Kd3 Nf5 66. Kc2
Ne3+ 67. Kd3 Nf1 68. Kc2 Ne3+ 69. Kd3 Nc4 70. Nc3 Nd6 71. Ke3 Nf5+ 72. Kf2 Nxd4
73. Ke3 Nf5+ 74. Kf2 Kd6 75. Nb5+ Kc6 76. Nc3 Kc5 77. Nb5 Kc4 78. Nc7 d4 79.
Ne8 Kb4 80. Nxf6 Kxa4 81. Nxh5 Kb3 82. Ke2 Kc2 0-1

[Event "Zadar B Open 2016"]
[Site "Zadar"]
[Date "2016.12.12"]
[Round "3.9"]
[White "Trippold, Denise"]
[Black "Bozinovic, Bogdan"]
[Result "1/2-1/2"]
[WhiteElo "2057"]
[BlackElo "2202"]
[PlyCount "80"]
[EventDate "2016.12.11"]
[EventCountry "CRO"]

1. d4 Nf6 2. c4 c5 3. d5 e6 4. Nc3 exd5 5. cxd5 d6 6. e4 g6 7. h3 Bg7 8. Nf3 a6
9. a4 Nbd7 10. Bd3 Nh5 11. O-O Ne5 12. Be2 Nxf3+ 13. Bxf3 Qh4 14. Bxh5 gxh5 15.
Qf3 Be5 16. Ne2 Rg8 17. Ra3 Bg4 18. Qe3 O-O-O 19. f4 Bxe2 20. Qxe2 Bd4+ 21. Be3
Qf6 22. Kh1 Rde8 23. Bxd4 Qxd4 24. Re3 h4 25. e5 dxe5 26. Rxe5 Rd8 27. Qc2 Kb8
28. d6 Qxd6 29. Rxc5 f6 30. Qf5 Qd4 31. b3 Qb2 32. Rc2 Qxb3 33. Rfc1 Qf7 34.
Qe4 Rge8 35. Qb4 Qd5 36. Rc5 Qe4 37. R5c4 Qd5 38. Rc5 Qe4 39. R5c4 Qd5 40. Rc5
Qe4 1/2-1/2

[Event "Zadar B Open 2016"]
[Site "Zadar"]
[Date "2016.12.12"]
[Round "3.10"]
[White "Berke, Ana"]
[Black "Glavicic, Tino"]
[Result "1-0"]
[WhiteElo "2168"]
[BlackElo "2037"]
[PlyCount "63"]
[EventDate "2016.12.11"]
[EventCountry "CRO"]

1. e4 e5 2. Nf3 Nc6 3. Bb5 a6 4. Ba4 Nf6 5. d3 d6 6. c3 Be7 7. O-O b5 8. Bb3
O-O 9. Re1 Be6 10. d4 Bxb3 11. axb3 h6 12. d5 Nb8 13. c4 Nbd7 14. Nc3 b4 15.
Na4 Re8 16. Qd3 Bf8 17. Be3 Ng4 18. Bd2 Nc5 19. Nxc5 dxc5 20. Ra4 Qd6 21. h3
Nf6 22. Rea1 Ra7 23. Qe2 g6 24. Ne1 Kh7 25. Nd3 Nd7 26. Be3 f5 27. f3 f4 28.
Bf2 Rea8 29. Ra5 Qb6 30. R1a4 Bd6 31. Nxb4 Qb7 32. Nc6 1-0

[Event "Zadar B Open 2016"]
[Site "Zadar"]
[Date "2016.12.12"]
[Round "3.11"]
[White "Jelecevic, Ivo"]
[Black "Kejzar, Petra"]
[Result "0-1"]
[WhiteElo "2167"]
[BlackElo "2009"]
[PlyCount "74"]
[EventDate "2016.12.11"]
[EventCountry "CRO"]

1. e4 c5 2. Nf3 e6 3. d4 cxd4 4. Nxd4 Nc6 5. Nc3 Qc7 6. Be3 a6 7. Be2 Be7 8. f4
d6 9. O-O Nf6 10. Kh1 O-O 11. Bf3 Bd7 12. Qe2 Nxd4 13. Bxd4 e5 14. Be3 Rac8 15.
f5 d5 16. exd5 Bb4 17. g4 Bxc3 18. bxc3 Bb5 19. Qf2 Bxf1 20. Rxf1 e4 21. g5
Nxd5 22. Bxe4 Nxe3 23. Qxe3 Qxc3 24. Qxc3 Rxc3 25. Bxb7 Rxc2 26. Bxa6 Ra8 27.
Bd3 Rcxa2 28. g6 Ra1 29. Kg1 Rxf1+ 30. Kxf1 hxg6 31. fxg6 f5 32. Kg2 Ra5 33.
Kf3 Ra3 34. Ke2 f4 35. Bc4+ Kf8 36. h4 Rh3 37. Be6 Re3+ 0-1

[Event "Zadar B Open 2016"]
[Site "Zadar"]
[Date "2016.12.12"]
[Round "3.12"]
[White "Deur Saric, Zrinka"]
[Black "Salvaing, Jean-Louis"]
[Result "1-0"]
[WhiteElo "2152"]
[BlackElo "1991"]
[PlyCount "85"]
[EventDate "2016.12.11"]
[EventCountry "CRO"]

1. e4 c5 2. Nf3 d6 3. d4 cxd4 4. Nxd4 Nf6 5. Nc3 a6 6. h3 e5 7. Nde2 Be6 8. g4
Nbd7 9. Ng3 Nb6 10. g5 Nfd7 11. Be3 Be7 12. Qd2 g6 13. O-O-O Qc7 14. Kb1 O-O-O
15. b3 Kb8 16. Nd5 Bxd5 17. exd5 f5 18. gxf6 Nxf6 19. Bg2 Nbd7 20. Qe2 Rc8 21.
Bc1 Rhe8 22. h4 h5 23. Ne4 Nxe4 24. Bxe4 Nf8 25. Rdg1 Qc5 26. Be3 Qa5 27. Qe1
Qc7 28. Qd2 Bf6 29. Bg5 Bh8 30. Qb4 Qc5 31. Qxc5 Rxc5 32. Be3 Rc3 33. Bd2 Rc7
34. Bxg6 Nxg6 35. Rxg6 Rf7 36. Rxd6 Rxf2 37. Bg5 Kc7 38. Rh6 e4 39. Re1 Rf7 40.
Re6 Kd7 41. Rxe8 Kxe8 42. Rxe4+ Kf8 43. Re1 1-0

[Event "Zadar B Open 2016"]
[Site "Zadar"]
[Date "2016.12.12"]
[Round "3.13"]
[White "Slamar, Velimir"]
[Black "Spiranec, Noemi"]
[Result "1-0"]
[WhiteElo "2150"]
[BlackElo "1999"]
[PlyCount "43"]
[EventDate "2016.12.11"]
[EventCountry "CRO"]

1. Nf3 c5 2. c4 Nc6 3. Nc3 g6 4. g3 Bg7 5. Bg2 d6 6. O-O e6 7. e3 Nge7 8. d4
O-O 9. d5 exd5 10. cxd5 Ne5 11. Nxe5 Bxe5 12. e4 Bd7 13. a4 Qc8 14. Bg5 Re8 15.
Qd2 a6 16. Bf4 Bxf4 17. Qxf4 Qc7 18. Qf6 b5 19. e5 Nf5 20. e6 fxe6 21. dxe6 Bc6
22. Qf7+ 1-0

[Event "Zadar B Open 2016"]
[Site "Zadar"]
[Date "2016.12.12"]
[Round "3.14"]
[White "Soric, Romeo"]
[Black "Klasan, Elvis"]
[Result "0-1"]
[WhiteElo "2115"]
[BlackElo "1949"]
[PlyCount "72"]
[EventDate "2016.12.11"]
[EventCountry "CRO"]

1. c4 g6 2. g3 Bg7 3. Bg2 e5 4. Nc3 Ne7 5. d3 O-O 6. Nf3 Nbc6 7. O-O d6 8. Rb1
Nf5 9. b4 Nfd4 10. b5 Nxf3+ 11. Bxf3 Nd4 12. Bg2 f5 13. a4 Rb8 14. a5 Bd7 15.
Be3 c6 16. bxc6 bxc6 17. Qa4 Qc7 18. Qa2 Kh8 19. Rxb8 Rxb8 20. Rb1 h6 21. Rxb8+
Qxb8 22. Bxd4 exd4 23. Nd1 Qb4 24. Kf1 Kh7 25. f4 Bf6 26. c5 d5 27. Bxd5 cxd5
28. Qxd5 Qb5 29. a6 Qc6 30. Qb3 Qh1+ 31. Kf2 Qxh2+ 32. Ke1 Qxg3+ 33. Kd2 Qxf4+
34. Kc2 Qc7 35. Nb2 Qxc5+ 36. Nc4 Bb5 0-1

[Event "Zadar B Open 2016"]
[Site "Zadar"]
[Date "2016.12.12"]
[Round "3.15"]
[White "Mandaric, Ante"]
[Black "Buhin, Denis"]
[Result "0-1"]
[WhiteElo "2087"]
[BlackElo "1967"]
[PlyCount "42"]
[EventDate "2016.12.11"]
[EventCountry "CRO"]

1. e4 c5 2. Nf3 g6 3. Bc4 e6 4. O-O Bg7 5. c3 Ne7 6. d4 cxd4 7. cxd4 d5 8. exd5
Nxd5 9. Bxd5 Qxd5 10. Nc3 Qa5 11. Qb3 O-O 12. Be3 Nc6 13. a3 Ne7 14. Rac1 Nf5
15. Ne4 Nxe3 16. Qxe3 Bd7 17. Qf4 Bc6 18. Ne5 Bxe4 19. Qxe4 Qb5 20. Rc7 Bxe5
21. Rxb7 Bxh2+ 0-1

[Event "Zadar B Open 2016"]
[Site "Zadar"]
[Date "2016.12.12"]
[Round "3.16"]
[White "Egerc, Josip"]
[Black "Stallinger, Vanessa"]
[Result "1-0"]
[WhiteElo "2062"]
[BlackElo "1845"]
[PlyCount "79"]
[EventDate "2016.12.11"]
[EventCountry "CRO"]

1. e4 e5 2. Nf3 Nc6 3. Bc4 Bc5 4. b4 Bxb4 5. O-O Nf6 6. c3 Ba5 7. d4 d6 8. d5
Ne7 9. Bg5 Nd7 10. Qc2 O-O 11. Nbd2 f6 12. Be3 Bb6 13. Bxb6 Nxb6 14. Bd3 Nd7
15. Nb3 a5 16. a4 b6 17. Nfd2 Ba6 18. Bxa6 Rxa6 19. f4 exf4 20. Rxf4 Ng6 21.
Rg4 Nde5 22. Rg3 Ra8 23. Nd4 Nf4 24. Rf1 Neg6 25. Rgf3 Re8 26. Rxf4 Nxf4 27.
Rxf4 Qd7 28. Ne6 c6 29. Nf3 cxd5 30. exd5 Rac8 31. Qb3 Qa7 32. Nfd4 b5 33. axb5
a4 34. Qa3 Qa5 35. Rf3 Rc4 36. h3 Rec8 37. Nc6 Qb6+ 38. Kh2 Re8 39. Qxd6 Qxb5
40. Qd7 1-0